Family Life in Britain, 1650-1910

This book explores the ways that families were formed and re-formed, and held together and fractured, in Britain from the sixteenth to twentieth century. The chapters build upon the argument, developed in the 1990s and 2000s, that the nuclear family form, the bedrock of understandings of the structu...

Full description

Bibliographic Details
Corporate Author: SpringerLink (Online service)
Other Authors: Beardmore, Carol (Editor, http://id.loc.gov/vocabulary/relators/edt), Dobbing, Cara (Editor, http://id.loc.gov/vocabulary/relators/edt), King, Steven (Editor, http://id.loc.gov/vocabulary/relators/edt)
Format: Electronic eBook
Language:English
Published: Cham : Springer International Publishing : Imprint: Palgrave Macmillan, 2019.
Edition:1st ed. 2019.
Subjects:
Online Access:Full Text via HEAL-Link
LEADER 04744nam a2200529 4500
001 978-3-030-04855-6
003 DE-He213
005 20191220131257.0
007 cr nn 008mamaa
008 190403s2019 gw | s |||| 0|eng d
020 |a 9783030048556  |9 978-3-030-04855-6 
024 7 |a 10.1007/978-3-030-04855-6  |2 doi 
040 |d GrThAP 
050 4 |a HN8-19 
072 7 |a HBTB  |2 bicssc 
072 7 |a HIS054000  |2 bisacsh 
072 7 |a NHTB  |2 thema 
082 0 4 |a 306.09  |2 23 
245 1 0 |a Family Life in Britain, 1650-1910  |h [electronic resource] /  |c edited by Carol Beardmore, Cara Dobbing, Steven King. 
250 |a 1st ed. 2019. 
264 1 |a Cham :  |b Springer International Publishing :  |b Imprint: Palgrave Macmillan,  |c 2019. 
300 |a XI, 292 p. 10 illus., 1 illus. in color.  |b online resource. 
336 |a text  |b txt  |2 rdacontent 
337 |a computer  |b c  |2 rdamedia 
338 |a online resource  |b cr  |2 rdacarrier 
347 |a text file  |b PDF  |2 rda 
505 0 |a Chapter One: Introduction; Carol Beardmore, Cara Dobbing, Steven King -- Part One: Economies of the Family -- Chapter Two: Family Fortunes: Marriage, Inheritance and Economic Challenges in Scotland, c.1660-1800; Regina Poertner -- Chapter Three: Victorian Professions: the Galvanising (and Shaping) Force of Death on Families; Kim Price -- Chapter Four: "The Widows and Orphans of Servants are Dying": The Conflict of Family in the Design and Application of nineteenth-Century Civil Servant Pensions; Kathleen McIlvenna -- Part Two: Family Processes -- Chapter Five: Step Motherhood in the Nineteenth Century: Elinor Packe and Continuing Family Cohesiveness, 1900-1911; Geoff Monks -- Chapter Six: Balancing the Family: Edward Wrench, Baslow G.P. c.1862-1890; Carol Beardmore -- Chapter Seven: The Family and Insanity: The Experience of the Garlands Asylum, 1862-1910; Cara Dobbing -- Chapter Eight: Conceptualising the 'Perfect' Family in Late-Nineteenth-Century Philanthropic Institutions; Steven Taylor -- Part Three: Reconstituting the Family -- Chapter Nine: Negotiating the Blending of Families: Tension and Affection between Step-Parents and Children in Early Modern England, 1470-1640; Maria Cannon -- Chapter Ten: Family Beyond the Household: Constituting and Reconstituting as Kin; Iain Riddell -- Chapter Eleven: Configuring and Re-Configuring Families in Nineteenth-Century England; Steven King. 
520 |a This book explores the ways that families were formed and re-formed, and held together and fractured, in Britain from the sixteenth to twentieth century. The chapters build upon the argument, developed in the 1990s and 2000s, that the nuclear family form, the bedrock of understandings of the structure and function of family and kinship units, provides a wholly inadequate lens through which to view the British family. Instead the volume's contributors point to families and households with porous boundaries, an endless capacity to reconstitute themselves, and an essential fluidity to both the form of families, and the family and kinship relationships that stood in the background. This book offers a re-reading,and reconsideration of the existing pillars of family history in Britain. It examines areas such as: Scottish kinship patterns, work patterns of kin in Post Office families, stepfamily relations, the role of family in managing lunatic patients, and the fluidity associated with a range of professional families in the nineteenth century. Chapter 8 of this book is available open access under a CC BY 4.0 license at link.springer.com. 
650 0 |a Social history. 
650 0 |a Great Britain-History. 
650 0 |a Europe-History-1492-. 
650 0 |a Social groups. 
650 0 |a Family. 
650 1 4 |a Social History.  |0 http://scigraph.springernature.com/things/product-market-codes/724000 
650 2 4 |a History of Britain and Ireland.  |0 http://scigraph.springernature.com/things/product-market-codes/717020 
650 2 4 |a History of Modern Europe.  |0 http://scigraph.springernature.com/things/product-market-codes/717080 
650 2 4 |a Sociology of Family, Youth and Aging.  |0 http://scigraph.springernature.com/things/product-market-codes/X22080 
700 1 |a Beardmore, Carol.  |e editor.  |4 edt  |4 http://id.loc.gov/vocabulary/relators/edt 
700 1 |a Dobbing, Cara.  |e editor.  |4 edt  |4 http://id.loc.gov/vocabulary/relators/edt 
700 1 |a King, Steven.  |e editor.  |4 edt  |4 http://id.loc.gov/vocabulary/relators/edt 
710 2 |a SpringerLink (Online service) 
773 0 |t Springer eBooks 
776 0 8 |i Printed edition:  |z 9783030048549 
776 0 8 |i Printed edition:  |z 9783030048563 
856 4 0 |u https://doi.org/10.1007/978-3-030-04855-6  |z Full Text via HEAL-Link 
912 |a ZDB-2-HTY 
950 |a History (Springer-41172)